| 000 | 00714nam a2200253 a 4500 | ||
|---|---|---|---|
| 001 | 000022500 | ||
| 005 | 20240502132913.0 | ||
| 008 | 101012s2003 sp 000 0 spa d | ||
| 020 | _a8466206507 | ||
| 040 |
_aDO-SdBNP _bspa _cBNPHU |
||
| 082 |
_a291 _bM828r |
||
| 100 | 1 |
_aMorales de Castro, Jorge _946347 |
|
| 245 | 1 | 0 |
_aReligiones del mundo : _bcultos y creencias del hombre / _cJorge Morales de Castro. |
| 260 |
_aMadrid : _bLibsa, _c2003. |
||
| 300 |
_a439 p. ; _c25 cm. |
||
| 650 | 4 |
_aReligiones _94283 |
|
| 650 | 0 |
_aCristianismo _9885 |
|
| 650 | 4 |
_aJudaismo _924148 |
|
| 650 | 4 |
_aIslamismo _941536 |
|
| 650 | 4 |
_aHinduismo _9689 |
|
| 650 | 4 |
_aBudismo _93429 |
|
| 650 | 4 |
_aTaoismo _946348 |
|
| 049 | _aBNPD | ||
| 999 |
_c21998 _d21998 |
||